Contemporary marketing : wired /
Introduces some of the most significant artistic innovations made on Japanese soil
Salvato in:
| Autore principale: | |
|---|---|
| Altri autori: | , |
| Natura: | Libro |
| Pubblicazione: |
Fort Worth :
Dryden Press,
c1998.
|
| Edizione: | 9th ed. |
| Serie: | The Dryden Press series in marketing
|
| Soggetti: | |
| Tags: |
Aggiungi Tag
Nessun Tag, puoi essere il primo ad aggiungerne!!
|
MARC
| LEADER | 00000cam a2200000 a 4500 | ||
|---|---|---|---|
| 020 | |a 0030976014 |c TZS 12,000/= | ||
| 020 | |a 9780030976018 | ||
| 040 | |a MUL |b eng |e AACR | ||
| 082 | 0 | 0 | |a 658.8 BOO |
| 100 | 1 | |a Boone, Louis E. | |
| 245 | 1 | 0 | |a Contemporary marketing : |b wired / |c Louis E. Boone and David L. Kurtz. |
| 250 | |a 9th ed. | ||
| 260 | |a Fort Worth : |b Dryden Press, |c c1998. | ||
| 300 | |a 1 v. (various pagings) : |b ill. ; |c 29 cm. | ||
| 440 | 4 | |a The Dryden Press series in marketing | |
| 500 | |a "Discovering your marketing career / by Eric Sandburg"--Disk. | ||
| 504 | |a Includes bibliographical references and index. | ||
| 520 | |a Introduces some of the most significant artistic innovations made on Japanese soil | ||
| 546 | |a eng | ||
| 650 | 0 | |a Marketing. | |
| 700 | 1 | |a Kurtz, David L. | |
| 700 | 1 | |a Sandburg, Eric. | |
| 942 | |c BK | ||
| 999 | |c 10254 |d 10254 | ||